शोषण और अन्याय क्रा प्रतिकार(दांडी मार्च) / (Record no. 176848)
[ view plain ]
| 000 -LEADER | |
|---|---|
| fixed length control field | 00992nam a22001937a 4500 |
| 005 - DATE AND TIME OF LATEST TRANSACTION | |
| control field | 20210128132247.0 |
| 010 ## - LCCN (DPL NO) | |
| LC control number | B-736667 |
| 020 ## - INTERNATIONAL STANDARD BOOK NUMBER | |
| International Standard Book Number | 9789384579975 |
| Terms of availability | 300.00 |
| 035 ## - SYSTEM CONTROL NUMBER | |
| System control number | B-736667 |
| 037 ## - SOURCE OF ACQUISITION | |
| Source of stock number/acquisition | डी.बी.ए.डी./ उपहार |
| 082 ## - DEWEY DECIMAL CLASSIFICATION NUMBER | |
| Classification number | 954.0841 |
| 245 ## - TITLE STATEMENT | |
| Title | शोषण और अन्याय क्रा प्रतिकार(दांडी मार्च) / |
| Statement of responsibility, etc | रामशरण गौड़ द्वारा संपादित |
| 260 ## - PUBLICATION, DISTRIBUTION, ETC. (IMPRINT) | |
| Place of publication, distribution, etc | दिल्ली |
| Name of publisher, distributor, etc | अनिल प्रकाशन |
| Date of publication, distribution, etc | 2021 |
| 270 ## - ADDRESS | |
| Address | 2619-20,न्यू मार्किट,नई सड़क |
| City | दिल्ली |
| Postal code | 110 006 |
| 300 ## - PHYSICAL DESCRIPTION | |
| Extent | 152पृ. |
| Dimensions | 22सेमी (सजिल्द) |
| Other physical details | सचित्र |
| 700 ## - ADDED ENTRY--PERSONAL NAME | |
| 9 (RLIN) | 15970 |
| Personal name | गौड़,रामशरण |
| 942 ## - ADDED ENTRY ELEMENTS (KOHA) | |
| Source of classification or shelving scheme | Dewey Decimal Classification |
| Item type | Hindi Books |
| Classification part | 954.0841 |
| Call number suffix | शोषण |
| Withdrawn status | Lost status | Not for loan | Collection code | Home library | Current library | Date acquired | Source of acquisition | Cost, normal purchase price | Full call number | Barcode | Copy number | Cost, replacement price | Koha item type | Public note |
|---|---|---|---|---|---|---|---|---|---|---|---|---|---|---|
| Non-fiction | Central Library | Central Library | 28/01/2021 | उपहार/17.10.2020 | 300.00 | 954.0841 शोषण | B-736667 | 1 | 300.00 | Hindi Books | उपहार |
